Florida folktales /

Bibliographic Details
Other Authors: Reaver, J. Russell (Joseph Russell), 1915-
Format: Book
Language:English
Published: Gainesville : University Presses of Florida : University of Florida Press, 1987.
Subjects:

MARC

Tag First Indicator Second Indicator Subfields
LEADER 00000cam a2200000 a 4500
001 in00000012436
005 20151007051828.0
008 870511s1987 flua b s00100 eng
010 |a  87014259  
020 |a 0813008700 (pbk. : alk. paper) 
035 |a (OCoLC)15791337 
035 |9 AAA5000AM 
040 |a DLC  |c DLC  |d TXA  |d UtOrBLW 
043 |a n-us-fl 
049 |a TXAM  |c [A11041414] 
050 0 0 |a GR110.F5  |b F57 1988 
050 4 |a GR110.F5  |b F57 1987 
082 0 |a 398.2/09759  |2 19 
245 0 0 |a Florida folktales /  |c edited by J. Russell Reaver. 
264 1 |a Gainesville :  |b University Presses of Florida :  |b University of Florida Press,  |c 1987. 
300 |a xvi, 179 pages :  |b illustrations ;  |c 23 cm. 
336 |a text  |b txt  |2 rdacontent 
337 |a unmediated  |b n  |2 rdamedia 
338 |a volume  |b nc  |2 rdacarrier 
504 |a Bibliography: pages 163-165. 
500 |a Includes indexes. 
650 0 |a Tales  |z Florida. 
700 1 |a Reaver, J. Russell  |q (Joseph Russell),  |d 1915- 
999 |a MARS 
999 f f |s 78103c62-4ee4-30dd-bcc6-7f4411fd73d0  |i 25498d00-f13e-39d6-9a14-d2f161e7d545  |t 0 
952 f f |p ric  |a Texas A&M University  |b Rellis Campus  |c Joint Library Facility  |d Remote Storage  |t 0  |e GR110.F5 F57 1988  |h Library of Congress classification  |i unmediated -- volume  |m A14811041414 
998 f f |a GR110.F5 F57 1988  |t 0  |l Remote Storage